<?xml version="1.0" encoding="UTF-8"?>
<marc:record xmlns:marc="http://www.loc.gov/MARC21/slim" type="Bibliographic">
   <marc:leader>00000pam a2200000 c 4500</marc:leader>
   <marc:controlfield tag="001">1207859397</marc:controlfield>
   <marc:controlfield tag="003">DE-101</marc:controlfield>
   <marc:controlfield tag="005">20201119190017.0</marc:controlfield>
   <marc:controlfield tag="007">tu</marc:controlfield>
   <marc:controlfield tag="008">200407s2020    gw ||||| |||| 10||||ger  </marc:controlfield>
   <marc:datafield ind1=" " ind2=" " tag="015">
      <marc:subfield code="a">20,A47</marc:subfield>
      <marc:subfield code="z">20,N17</marc:subfield>
      <marc:subfield code="2">dnb</marc:subfield>
   </marc:datafield>
   <marc:datafield ind1="7" ind2=" " tag="016">
      <marc:subfield code="2">DE-101</marc:subfield>
      <marc:subfield code="a">1207859397</marc:subfield>
   </marc:datafield>
   <marc:datafield ind1=" " ind2=" " tag="020">
      <marc:subfield code="a">9783608983753</marc:subfield>
      <marc:subfield code="c">Festeinband : circa EUR 40.00 (DE), circa EUR 41.20 (AT)</marc:subfield>
      <marc:subfield code="9">978-3-608-98375-3</marc:subfield>
   </marc:datafield>
   <marc:datafield ind1=" " ind2=" " tag="020">
      <marc:subfield code="a">3608983759</marc:subfield>
      <marc:subfield code="9">3-608-98375-9</marc:subfield>
   </marc:datafield>
   <marc:datafield ind1="3" ind2=" " tag="024">
      <marc:subfield code="a">9783608983753</marc:subfield>
   </marc:datafield>
   <marc:datafield ind1=" " ind2=" " tag="035">
      <marc:subfield code="a">(DE-599)DNB1207859397</marc:subfield>
   </marc:datafield>
   <marc:datafield ind1=" " ind2=" " tag="035">
      <marc:subfield code="a">(OCoLC)1199064674</marc:subfield>
   </marc:datafield>
   <marc:datafield ind1=" " ind2=" " tag="035">
      <marc:subfield code="a">(OCoLC)1151736696</marc:subfield>
   </marc:datafield>
   <marc:datafield ind1=" " ind2=" " tag="040">
      <marc:subfield code="a">1245</marc:subfield>
      <marc:subfield code="b">ger</marc:subfield>
      <marc:subfield code="c">DE-101</marc:subfield>
      <marc:subfield code="d">9999</marc:subfield>
      <marc:subfield code="e">rda</marc:subfield>
   </marc:datafield>
   <marc:datafield ind1=" " ind2=" " tag="041">
      <marc:subfield code="a">ger</marc:subfield>
   </marc:datafield>
   <marc:datafield ind1=" " ind2=" " tag="044">
      <marc:subfield code="c">XA-DE-BW</marc:subfield>
   </marc:datafield>
   <marc:datafield ind1="0" ind2="4" tag="082">
      <marc:subfield code="8">1\u</marc:subfield>
      <marc:subfield code="a">155.443</marc:subfield>
      <marc:subfield code="q">DE-101</marc:subfield>
      <marc:subfield code="2">23/ger</marc:subfield>
   </marc:datafield>
   <marc:datafield ind1="7" ind2=" " tag="083">
      <marc:subfield code="8">2\p</marc:subfield>
      <marc:subfield code="a">150</marc:subfield>
      <marc:subfield code="a">610</marc:subfield>
      <marc:subfield code="a">360</marc:subfield>
      <marc:subfield code="q">DE-101</marc:subfield>
      <marc:subfield code="2">23sdnb</marc:subfield>
   </marc:datafield>
   <marc:datafield ind1=" " ind2=" " tag="085">
      <marc:subfield code="8">1\u</marc:subfield>
      <marc:subfield code="b">155.443</marc:subfield>
   </marc:datafield>
   <marc:datafield ind1="2" ind2=" " tag="111">
      <marc:subfield code="0">(DE-588)1220311839</marc:subfield>
      <marc:subfield code="0">https://d-nb.info/gnd/1220311839</marc:subfield>
      <marc:subfield code="0">(DE-101)1220311839</marc:subfield>
      <marc:subfield code="a">Bindung und Geschwister</marc:subfield>
      <marc:subfield code="g">Veranstaltung</marc:subfield>
      <marc:subfield code="d">2019</marc:subfield>
      <marc:subfield code="c">Ulm</marc:subfield>
      <marc:subfield code="j">Verfasser</marc:subfield>
      <marc:subfield code="4">aut</marc:subfield>
      <marc:subfield code="2">gnd</marc:subfield>
   </marc:datafield>
   <marc:datafield ind1="1" ind2="0" tag="245">
      <marc:subfield code="a">Bindung und Geschwister</marc:subfield>
      <marc:subfield code="b">Vorbilder, Rivalen, Verbündete</marc:subfield>
      <marc:subfield code="c">herausgegeben von Karl Heinz Brisch</marc:subfield>
   </marc:datafield>
   <marc:datafield ind1=" " ind2="1" tag="264">
      <marc:subfield code="a">Stuttgart</marc:subfield>
      <marc:subfield code="b">Klett-Cotta</marc:subfield>
      <marc:subfield code="c">[2020]</marc:subfield>
   </marc:datafield>
   <marc:datafield ind1=" " ind2=" " tag="300">
      <marc:subfield code="a">339 Seiten</marc:subfield>
      <marc:subfield code="b">Illustrationen</marc:subfield>
      <marc:subfield code="c">24 cm, 628 g</marc:subfield>
   </marc:datafield>
   <marc:datafield ind1=" " ind2=" " tag="336">
      <marc:subfield code="a">Text</marc:subfield>
      <marc:subfield code="b">txt</marc:subfield>
      <marc:subfield code="2">rdacontent</marc:subfield>
   </marc:datafield>
   <marc:datafield ind1=" " ind2=" " tag="337">
      <marc:subfield code="a">ohne Hilfsmittel zu benutzen</marc:subfield>
      <marc:subfield code="b">n</marc:subfield>
      <marc:subfield code="2">rdamedia</marc:subfield>
   </marc:datafield>
   <marc:datafield ind1=" " ind2=" " tag="338">
      <marc:subfield code="a">Band</marc:subfield>
      <marc:subfield code="b">nc</marc:subfield>
      <marc:subfield code="2">rdacarrier</marc:subfield>
   </marc:datafield>
   <marc:datafield ind1=" " ind2="7" tag="650">
      <marc:subfield code="0">(DE-588)4157044-3</marc:subfield>
      <marc:subfield code="0">https://d-nb.info/gnd/4157044-3</marc:subfield>
      <marc:subfield code="0">(DE-101)041570448</marc:subfield>
      <marc:subfield code="a">Geschwisterbeziehung</marc:subfield>
      <marc:subfield code="9">rswk-swf</marc:subfield>
      <marc:subfield code="2">gnd</marc:subfield>
   </marc:datafield>
   <marc:datafield ind1=" " ind2="7" tag="650">
      <marc:subfield code="0">(DE-588)4670427-9</marc:subfield>
      <marc:subfield code="0">https://d-nb.info/gnd/4670427-9</marc:subfield>
      <marc:subfield code="0">(DE-101)963690280</marc:subfield>
      <marc:subfield code="a">Bindungstheorie</marc:subfield>
      <marc:subfield code="g">Psychologie</marc:subfield>
      <marc:subfield code="9">rswk-swf</marc:subfield>
      <marc:subfield code="2">gnd</marc:subfield>
   </marc:datafield>
   <marc:datafield ind1=" " ind2="7" tag="650">
      <marc:subfield code="0">(DE-588)4157044-3</marc:subfield>
      <marc:subfield code="0">https://d-nb.info/gnd/4157044-3</marc:subfield>
      <marc:subfield code="0">(DE-101)041570448</marc:subfield>
      <marc:subfield code="a">Geschwisterbeziehung</marc:subfield>
      <marc:subfield code="9">rswk-swf</marc:subfield>
      <marc:subfield code="2">gnd</marc:subfield>
   </marc:datafield>
   <marc:datafield ind1=" " ind2="7" tag="650">
      <marc:subfield code="0">(DE-588)4670427-9</marc:subfield>
      <marc:subfield code="0">https://d-nb.info/gnd/4670427-9</marc:subfield>
      <marc:subfield code="0">(DE-101)963690280</marc:subfield>
      <marc:subfield code="a">Bindungstheorie</marc:subfield>
      <marc:subfield code="g">Psychologie</marc:subfield>
      <marc:subfield code="9">rswk-swf</marc:subfield>
      <marc:subfield code="2">gnd</marc:subfield>
   </marc:datafield>
   <marc:datafield ind1=" " ind2="7" tag="650">
      <marc:subfield code="0">(DE-588)4123184-3</marc:subfield>
      <marc:subfield code="0">https://d-nb.info/gnd/4123184-3</marc:subfield>
      <marc:subfield code="0">(DE-101)041231848</marc:subfield>
      <marc:subfield code="a">Familienkonflikt</marc:subfield>
      <marc:subfield code="9">rswk-swf</marc:subfield>
      <marc:subfield code="2">gnd</marc:subfield>
   </marc:datafield>
   <marc:datafield ind1=" " ind2="7" tag="650">
      <marc:subfield code="0">(DE-588)4047746-0</marc:subfield>
      <marc:subfield code="0">https://d-nb.info/gnd/4047746-0</marc:subfield>
      <marc:subfield code="0">(DE-101)040477460</marc:subfield>
      <marc:subfield code="a">Psychotherapie</marc:subfield>
      <marc:subfield code="9">rswk-swf</marc:subfield>
      <marc:subfield code="2">gnd</marc:subfield>
   </marc:datafield>
   <marc:datafield ind1=" " ind2="7" tag="650">
      <marc:subfield code="0">(DE-588)4005565-6</marc:subfield>
      <marc:subfield code="0">https://d-nb.info/gnd/4005565-6</marc:subfield>
      <marc:subfield code="0">(DE-101)040055655</marc:subfield>
      <marc:subfield code="a">Beratung</marc:subfield>
      <marc:subfield code="9">rswk-swf</marc:subfield>
      <marc:subfield code="2">gnd</marc:subfield>
   </marc:datafield>
   <marc:datafield ind1=" " ind2="7" tag="650">
      <marc:subfield code="0">(DE-588)4055676-1</marc:subfield>
      <marc:subfield code="0">https://d-nb.info/gnd/4055676-1</marc:subfield>
      <marc:subfield code="0">(DE-101)04055676X</marc:subfield>
      <marc:subfield code="a">Sozialarbeit</marc:subfield>
      <marc:subfield code="9">rswk-swf</marc:subfield>
      <marc:subfield code="2">gnd</marc:subfield>
   </marc:datafield>
   <marc:datafield ind1=" " ind2=" " tag="653">
      <marc:subfield code="a">(Produktform)Hardback</marc:subfield>
   </marc:datafield>
   <marc:datafield ind1=" " ind2=" " tag="653">
      <marc:subfield code="a">(Produktform (spezifisch))With dust jacket</marc:subfield>
   </marc:datafield>
   <marc:datafield ind1=" " ind2=" " tag="653">
      <marc:subfield code="a">(VLB-WN)1534: Hardcover, Softcover / Psychologie/Angewandte Psychologie</marc:subfield>
   </marc:datafield>
   <marc:datafield ind1=" " ind2=" " tag="653">
      <marc:subfield code="a">(BISAC Subject Heading)PSY000000: PSYCHOLOGY / General</marc:subfield>
   </marc:datafield>
   <marc:datafield ind1=" " ind2=" " tag="653">
      <marc:subfield code="a">Psychologie;Psyche;Psychotherapie;Psychiatrie;Psychotherapeut;Coaching;Beratung;Bindung;Bindungsstörungen;Geschwisterbindung;Geschwisterbeziehung;Geschwisterliebe;Geschwisterkonflikte;Geschwisterhass;Stiefgeschwister;Halbgeschwister;Adoptivgeschwister;Pflegegeschwister;Pflegeeltern;Adoptiveltern;Patchworkfamilie;Zwillinge;Geschwisterrivalität;soziale Arbeit;Jugendhilfe</marc:subfield>
   </marc:datafield>
   <marc:datafield ind1=" " ind2="7" tag="655">
      <marc:subfield code="0">(DE-588)1071861417</marc:subfield>
      <marc:subfield code="0">https://d-nb.info/gnd/1071861417</marc:subfield>
      <marc:subfield code="0">(DE-101)1071861417</marc:subfield>
      <marc:subfield code="a">Konferenzschrift</marc:subfield>
      <marc:subfield code="y">2019</marc:subfield>
      <marc:subfield code="z">Salzburg</marc:subfield>
      <marc:subfield code="2">gnd-content</marc:subfield>
   </marc:datafield>
   <marc:datafield ind1="0" ind2="0" tag="689">
      <marc:subfield code="0">(DE-588)4157044-3</marc:subfield>
      <marc:subfield code="0">https://d-nb.info/gnd/4157044-3</marc:subfield>
      <marc:subfield code="0">(DE-101)041570448</marc:subfield>
      <marc:subfield code="D">s</marc:subfield>
      <marc:subfield code="a">Geschwisterbeziehung</marc:subfield>
   </marc:datafield>
   <marc:datafield ind1="0" ind2="1" tag="689">
      <marc:subfield code="0">(DE-588)4670427-9</marc:subfield>
      <marc:subfield code="0">https://d-nb.info/gnd/4670427-9</marc:subfield>
      <marc:subfield code="0">(DE-101)963690280</marc:subfield>
      <marc:subfield code="D">s</marc:subfield>
      <marc:subfield code="a">Bindungstheorie</marc:subfield>
      <marc:subfield code="g">Psychologie</marc:subfield>
   </marc:datafield>
   <marc:datafield ind1="0" ind2=" " tag="689">
      <marc:subfield code="5">DE-101</marc:subfield>
      <marc:subfield code="5">DE-101</marc:subfield>
   </marc:datafield>
   <marc:datafield ind1="1" ind2="0" tag="689">
      <marc:subfield code="0">(DE-588)4157044-3</marc:subfield>
      <marc:subfield code="0">https://d-nb.info/gnd/4157044-3</marc:subfield>
      <marc:subfield code="0">(DE-101)041570448</marc:subfield>
      <marc:subfield code="D">s</marc:subfield>
      <marc:subfield code="a">Geschwisterbeziehung</marc:subfield>
   </marc:datafield>
   <marc:datafield ind1="1" ind2="1" tag="689">
      <marc:subfield code="0">(DE-588)4670427-9</marc:subfield>
      <marc:subfield code="0">https://d-nb.info/gnd/4670427-9</marc:subfield>
      <marc:subfield code="0">(DE-101)963690280</marc:subfield>
      <marc:subfield code="D">s</marc:subfield>
      <marc:subfield code="a">Bindungstheorie</marc:subfield>
      <marc:subfield code="g">Psychologie</marc:subfield>
   </marc:datafield>
   <marc:datafield ind1="1" ind2="2" tag="689">
      <marc:subfield code="0">(DE-588)4123184-3</marc:subfield>
      <marc:subfield code="0">https://d-nb.info/gnd/4123184-3</marc:subfield>
      <marc:subfield code="0">(DE-101)041231848</marc:subfield>
      <marc:subfield code="D">s</marc:subfield>
      <marc:subfield code="a">Familienkonflikt</marc:subfield>
   </marc:datafield>
   <marc:datafield ind1="1" ind2="3" tag="689">
      <marc:subfield code="0">(DE-588)4047746-0</marc:subfield>
      <marc:subfield code="0">https://d-nb.info/gnd/4047746-0</marc:subfield>
      <marc:subfield code="0">(DE-101)040477460</marc:subfield>
      <marc:subfield code="D">s</marc:subfield>
      <marc:subfield code="a">Psychotherapie</marc:subfield>
   </marc:datafield>
   <marc:datafield ind1="1" ind2="4" tag="689">
      <marc:subfield code="0">(DE-588)4005565-6</marc:subfield>
      <marc:subfield code="0">https://d-nb.info/gnd/4005565-6</marc:subfield>
      <marc:subfield code="0">(DE-101)040055655</marc:subfield>
      <marc:subfield code="D">s</marc:subfield>
      <marc:subfield code="a">Beratung</marc:subfield>
   </marc:datafield>
   <marc:datafield ind1="1" ind2="5" tag="689">
      <marc:subfield code="0">(DE-588)4055676-1</marc:subfield>
      <marc:subfield code="0">https://d-nb.info/gnd/4055676-1</marc:subfield>
      <marc:subfield code="0">(DE-101)04055676X</marc:subfield>
      <marc:subfield code="D">s</marc:subfield>
      <marc:subfield code="a">Sozialarbeit</marc:subfield>
   </marc:datafield>
   <marc:datafield ind1="1" ind2=" " tag="689">
      <marc:subfield code="5">DE-101</marc:subfield>
      <marc:subfield code="5">DE-101</marc:subfield>
   </marc:datafield>
   <marc:datafield ind1="1" ind2=" " tag="700">
      <marc:subfield code="0">(DE-588)123786215</marc:subfield>
      <marc:subfield code="0">https://d-nb.info/gnd/123786215</marc:subfield>
      <marc:subfield code="0">(DE-101)123786215</marc:subfield>
      <marc:subfield code="a">Brisch, Karl Heinz</marc:subfield>
      <marc:subfield code="d">1955-</marc:subfield>
      <marc:subfield code="e">Herausgeber</marc:subfield>
      <marc:subfield code="4">edt</marc:subfield>
      <marc:subfield code="2">gnd</marc:subfield>
   </marc:datafield>
   <marc:datafield ind1="0" ind2="8" tag="776">
      <marc:subfield code="i">Erscheint auch als</marc:subfield>
      <marc:subfield code="n">Online-Ausgabe</marc:subfield>
      <marc:subfield code="a">Bindung und Geschwister &lt;Veranstaltung, 2019, Ulm&gt;</marc:subfield>
      <marc:subfield code="t">Bindung und Geschwister</marc:subfield>
      <marc:subfield code="d">Stuttgart : Klett-Cotta, 2020</marc:subfield>
      <marc:subfield code="h">Online-Ressource, 304 Seiten</marc:subfield>
      <marc:subfield code="w">(DE-101)1216867453</marc:subfield>
      <marc:subfield code="b">1. Auflage</marc:subfield>
   </marc:datafield>
   <marc:datafield ind1=" " ind2=" " tag="850">
      <marc:subfield code="a">DE-101a</marc:subfield>
      <marc:subfield code="a">DE-101b</marc:subfield>
   </marc:datafield>
   <marc:datafield ind1="4" ind2="2" tag="856">
      <marc:subfield code="m">B:DE-101</marc:subfield>
      <marc:subfield code="q">application/pdf</marc:subfield>
      <marc:subfield code="u">https://d-nb.info/1207859397/04</marc:subfield>
      <marc:subfield code="3">Inhaltsverzeichnis</marc:subfield>
   </marc:datafield>
   <marc:datafield ind1="2" ind2=" " tag="883">
      <marc:subfield code="8">2\p</marc:subfield>
      <marc:subfield code="a">dnb</marc:subfield>
      <marc:subfield code="d">20201113</marc:subfield>
      <marc:subfield code="q">DE-101</marc:subfield>
      <marc:subfield code="u">https://d-nb.info/provenance/plan#dnb</marc:subfield>
   </marc:datafield>
   <marc:datafield ind1="r" ind2=" " tag="925">
      <marc:subfield code="a">ra</marc:subfield>
   </marc:datafield>
   <marc:datafield ind1="1" ind2=" " tag="926">
      <marc:subfield code="a">MKMT3</marc:subfield>
      <marc:subfield code="o">93</marc:subfield>
      <marc:subfield code="q">Publisher</marc:subfield>
      <marc:subfield code="v">1.2</marc:subfield>
      <marc:subfield code="x">Psychotherapie: Kinder und Jugendliche</marc:subfield>
   </marc:datafield>
   <marc:datafield ind1="2" ind2=" " tag="926">
      <marc:subfield code="a">JMF</marc:subfield>
      <marc:subfield code="o">93</marc:subfield>
      <marc:subfield code="q">Publisher</marc:subfield>
      <marc:subfield code="v">1.2</marc:subfield>
      <marc:subfield code="x">Familienpsychologie</marc:subfield>
   </marc:datafield>
</marc:record>
